<?xml version="1.0" encoding="UTF-8"?>
<record
    xmlns:xsi="http://www.w3.org/2001/XMLSchema-instance"
    xsi:schemaLocation="http://www.loc.gov/MARC21/slim http://www.loc.gov/standards/marcxml/schema/MARC21slim.xsd"
    xmlns="http://www.loc.gov/MARC21/slim">

  <leader>00716nam a22001697a 4500</leader>
  <controlfield tag="005">20120607154025.0</controlfield>
  <datafield tag="020" ind1=" " ind2=" ">
    <subfield code="a">9789380048390</subfield>
    <subfield code="c">190.00</subfield>
  </datafield>
  <datafield tag="082" ind1=" " ind2=" ">
    <subfield code="a">821</subfield>
  </datafield>
  <datafield tag="100" ind1=" " ind2=" ">
    <subfield code="a">&#x930;&#x93E;&#x92E;&#x915;&#x941;&#x92E;&#x93E;&#x930; &#x915;&#x943;&#x937;&#x915;</subfield>
    <subfield code="9">48669</subfield>
  </datafield>
  <datafield tag="245" ind1=" " ind2=" ">
    <subfield code="a">&#x905;&#x92A;&#x91C;&#x938; &#x905;&#x92A;&#x928;&#x947; &#x928;&#x93E;&#x92E;/</subfield>
    <subfield code="c">&#x930;&#x93E;&#x92E;&#x915;&#x941;&#x92E;&#x93E;&#x930; &#x915;&#x943;&#x937;&#x915;</subfield>
  </datafield>
  <datafield tag="260" ind1=" " ind2=" ">
    <subfield code="a">&#x926;&#x93F;&#x932;&#x94D;&#x932;&#x940;</subfield>
    <subfield code="b">&#x92A;&#x930;&#x92E;&#x947;&#x936;&#x94D;&#x935;&#x930;&#x940; &#x92A;&#x94D;&#x930;&#x915;&#x93E;&#x936;&#x928;</subfield>
    <subfield code="c">2012</subfield>
  </datafield>
  <datafield tag="270" ind1=" " ind2=" ">
    <subfield code="a">&#x92C;&#x940;-109, &#x92A;&#x94D;&#x930;&#x940;&#x924; &#x935;&#x93F;&#x939;&#x93E;&#x930;</subfield>
    <subfield code="e">110092</subfield>
  </datafield>
  <datafield tag="300" ind1=" " ind2=" ">
    <subfield code="a">108 &#x92A;&#x943;.</subfield>
    <subfield code="c">22 &#x938;&#x947;&#x902;.&#x92E;&#x940;.(&#x938;&#x91C;&#x93F;&#x932;&#x94D;&#x926;)</subfield>
  </datafield>
  <datafield tag="942" ind1=" " ind2=" ">
    <subfield code="2">ddc</subfield>
    <subfield code="c">HN</subfield>
    <subfield code="h">821</subfield>
    <subfield code="m">&#x930;&#x93E;&#x92E;&#x915;&#x941;</subfield>
  </datafield>
  <datafield tag="999" ind1=" " ind2=" ">
    <subfield code="c">67663</subfield>
    <subfield code="d">67663</subfield>
  </datafield>
  <datafield tag="952" ind1=" " ind2=" ">
    <subfield code="0">0</subfield>
    <subfield code="1">0</subfield>
    <subfield code="4">0</subfield>
    <subfield code="7">0</subfield>
    <subfield code="a">AG</subfield>
    <subfield code="b">AG</subfield>
    <subfield code="d">2012-06-07</subfield>
    <subfield code="g">190.00</subfield>
    <subfield code="l">0</subfield>
    <subfield code="o">821 &#x930;&#x93E;&#x92E;&#x915;&#x941;</subfield>
    <subfield code="r">2012-06-07 00:00:00</subfield>
    <subfield code="v">190.00</subfield>
    <subfield code="w">2012-06-07</subfield>
    <subfield code="y">HN</subfield>
  </datafield>
</record>
